000 00676nam a2200241Ia 4500
001 14417
005 20240113235535.0
007 ta
008 051122s1924 g b000 u 465 u
040 _aCotton College,Assam
041 _a465
082 _a511.5
_bF 774 In
100 _aForsyth, C.H..
245 0 _aAn Introduction to the Mathematical Analysis of Statistics /
_cC.H.Forsyth.
_hTextual Documents
250 _a1st ed. /
260 _aNew York :
_bJohn Wiley & Sons ,
_c1924.
300 _a232p. ;
_c22cm.
653 _aMathematical Analysis-Statistics
653 _aG-Mathematics
942 _2ddc
_cBK
999 _c14403
_d14403